000 00595nam a22001817a 4500
005 20240923154207.0
010 _aENG-141427
020 _c120..00
_a9789389658743
035 _aEN-124959
037 _bDBAD
082 _a371.8220954
_21
100 _aNageswari, R.
_971895
245 _aGender Economics/
_cby R. Nageshwari
260 _aTamil Nadu
_bShanlax publications
270 _a61, 66 T.P.K. Main road vasantha nagar
_bmadurai
_e625003
_k0452-4208765
_k7639303383
_mpublisher@shanlaxpublications.com
300 _a85p.
_c23cm(pb)
942 _2ddc
_cEN
_mNAG
_h371.8220954
999 _c205259
_d205259